L' affaire Croissant
| Körperschaft: | |
|---|---|
| Beteiligte: | |
| Medienart: | Druck Buch |
| Sprache: | Französisch |
| Veröffentlicht: |
Paris
Maspero
1977
|
| In: |
Cahiers libres (340)
Jahr: 1977 |
| Bestand in Tübingen: | In Tübingen vorhanden. UB: KB 12 A 217 |
| Verfügbarkeit prüfen: | HBZ Gateway |
| Subito Bestelldienst: | Jetzt bestellen. |
| Schlagwörter: |
MARC
| LEADER | 00000cam a2200000 c 4500 | ||
|---|---|---|---|
| 001 | 1092055851 | ||
| 003 | DE-627 | ||
| 005 | 20251224220419.0 | ||
| 007 | tu | ||
| 008 | 921204s1977 fr ||||| 00| ||fre c | ||
| 010 | |a 78368135 | ||
| 020 | |a 2707110000 |c : 30.00F |9 2-7071-1000-0 | ||
| 035 | |a (DE-627)1092055851 | ||
| 035 | |a (DE-576)022055851 | ||
| 035 | |a (DE-599)BSZ022055851 | ||
| 035 | |a (OCoLC)231972990 | ||
| 035 | |a (OCoLC)04486663 | ||
| 035 | |a (OCoLC)1080871860 | ||
| 035 | |a (DE-604)8064242609 | ||
| 035 | |a (DE-615)00293341 | ||
| 040 | |a DE-627 |b ger |c DE-627 |e rakwb | ||
| 041 | |a fre | ||
| 044 | |c XA-FR | ||
| 050 | 0 | |a KJV135.C76 | |
| 082 | 0 | |a 341.48/8 |q LOC | |
| 082 | 0 | |a 0905 | |
| 082 | 0 | |a 0904 | |
| 082 | 0 | |a 944 | |
| 082 | 0 | |a 327 | |
| 084 | |a RA05.02 |2 fivr | ||
| 084 | |a RA04.06 |2 fivr | ||
| 084 | |a SF06.02 |2 fivs | ||
| 084 | |a 89.58 |2 bkl | ||
| 245 | 0 | 3 | |a L' affaire Croissant |c Mouvement d'Action Judiciaire |
| 264 | 1 | |a Paris |b Maspero |c 1977 | |
| 300 | |a 202 S |c 22 cm | ||
| 336 | |a Text |b txt |2 rdacontent | ||
| 337 | |a ohne Hilfsmittel zu benutzen |b n |2 rdamedia | ||
| 338 | |a Band |b nc |2 rdacarrier | ||
| 490 | 1 | |a Cahiers libres |v 340 | |
| 583 | 1 | |a Archivierung/Langzeitarchivierung gewährleistet |f SLG |x XA-DE-BW |z BfZ |2 pdager |5 DE-24 | |
| 583 | 1 | |a Archivierung prüfen |c 20240324 |f DE-4165 |z 1 |2 pdager | |
| 583 | 1 | |a Archivierung/Langzeitarchivierung gewährleistet |c 20240722 |f NI-LastCopies |x XA-DE-NI |z Potenzieller Alleinbesitz Niedersachsen |2 pdager |5 DE-89 | |
| 600 | 1 | 0 | |a Croissant, Klaus |d 1931- |e defendant |
| 610 | 1 | 0 | |a Rote Armee Fraktion |
| 650 | 0 | |a Asylum, Right of |z France | |
| 650 | 0 | |a Asylum, Right of |z Germany (West) | |
| 650 | 0 | |a Extradition |z France | |
| 650 | 0 | 7 | |0 (DE-588)4059534-1 |0 (DE-627)106143212 |0 (DE-576)209131136 |a Terrorismus |2 gnd |
| 650 | 0 | 7 | |0 (DE-588)4136798-4 |0 (DE-627)105654825 |0 (DE-576)209672218 |a Auslieferung |2 gnd |
| 650 | 0 | 7 | |0 (DE-588)4064317-7 |0 (DE-627)106124315 |0 (DE-576)209152699 |a Wahrnehmung |2 gnd |
| 650 | 4 | |a Bundesrepublik Deutschland (1949-1990) |x Terrorismus |x Baader-Meinhof Gruppe |x Croissant, Klaus |x Auslieferung |x Frankreich |x Perzeption | |
| 651 | 7 | |0 (DE-588)4011889-7 |0 (DE-627)104732423 |0 (DE-576)208896201 |a Deutschland |g Bundesrepublik |2 gnd | |
| 651 | 7 | |0 (DE-588)4018145-5 |0 (DE-627)106327232 |0 (DE-576)208922857 |a Frankreich |2 gnd | |
| 689 | 0 | 0 | |d p |0 (DE-588)118522825 |0 (DE-627)079324444 |0 (DE-576)208889795 |a Croissant, Klaus |d 1931-2002 |2 gnd |
| 689 | 0 | 1 | |d s |0 (DE-588)4288464-0 |0 (DE-627)104281588 |0 (DE-576)210823127 |a Affäre |2 gnd |
| 689 | 0 | 2 | |d s |0 (DE-588)4073136-4 |0 (DE-627)106093207 |0 (DE-576)209189509 |a Justiz |2 gnd |
| 689 | 0 | |5 (DE-627) | |
| 689 | 1 | 0 | |d s |0 (DE-588)4059534-1 |0 (DE-627)106143212 |0 (DE-576)209131136 |a Terrorismus |2 gnd |
| 689 | 1 | 1 | |d s |0 (DE-588)4048816-0 |0 (DE-627)106189417 |0 (DE-576)20907938X |a Rechtspflege |2 gnd |
| 689 | 1 | |5 (DE-627) | |
| 700 | 1 | |a Croissant, Klaus |d 1931-2002 |0 (DE-588)118522825 |0 (DE-627)079324444 |0 (DE-576)208889795 |4 oth | |
| 710 | 2 | |a Mouvement d'Action Judiciaire |0 (DE-588)1052815-5 |0 (DE-627)708660630 |0 (DE-576)191454761 |4 oth | |
| 830 | 0 | |a Cahiers libres |v 340 |9 34000 |w (DE-627)130713104 |w (DE-576)00082996X |w (DE-600)966297-2 |x 0526-8370 |7 am | |
| 889 | |w (DE-627)116518189 | ||
| 935 | |i mdedup | ||
| 936 | b | k | |a 89.58 |j Politische Gewalt |0 (DE-627)106416960 |
| 936 | f | i | |0 (DE-627)1756131686 |a RA05.02 |b Bundesrepublik Deutschland |k Europa |k Mitteleuropa |k Bundesrepublik Deutschland |2 fivr |
| 936 | f | i | |0 (DE-627)1756131651 |a RA04.06 |b Frankreich |k Europa |k Westeuropa |k Frankreich |2 fivr |
| 936 | f | i | |0 (DE-627)1756135835 |a SF06.02 |b Terrorismus |k Staat |k Innere Sicherheit/Innerstaatlicher Konflikt |k Terrorismus |2 fivs |
| 936 | f | i | |a ZGA122 |b Deutsch-französische Beziehungen (1963-1990) |k Deutsch-französische Beziehungen (1963-1990) |q DE-Lg3 |2 fivw |
| 938 | 1 | 0 | |0 (DE-627)1756191182 |0 (DE-615)6608518 |a Terrorismus |2 fivt |
| 938 | 1 | 0 | |0 (DE-627)1756236534 |0 (DE-615)6604371 |a Rechtspflege |2 fivt |
| 938 | 1 | 0 | |0 (DE-627)1756212651 |0 (DE-615)6609741 |a Auslieferung |2 fivt |
| 938 | 1 | 0 | |0 (DE-627)1756148325 |0 (DE-615)6603106 |a Frankreich |2 fivt |
| 938 | 1 | 0 | |0 (DE-627)1756238456 |0 (DE-615)6606446 |a Perzeption |2 fivt |
| 951 | |a BO | ||
| ELC | |b 1 | ||
| LOK | |0 000 xxxxxcx a22 zn 4500 | ||
| LOK | |0 001 2153213193 | ||
| LOK | |0 003 DE-627 | ||
| LOK | |0 004 1092055851 | ||
| LOK | |0 005 20020606000000 | ||
| LOK | |0 008 901026||||||||||||||||ger||||||| | ||
| LOK | |0 040 |a DE-21 |c DE-627 |d DE-21 | ||
| LOK | |0 852 |a DE-21 | ||
| LOK | |0 852 1 |c KB 12 A 217 |9 00 | ||
| LOK | |0 935 |a krim | ||
| LOK | |0 936ln |a k10.2.3 | ||
| LOK | |0 939 |a 26-10-90 |b l01 | ||
| ORI | |a SA-MARC-krimdoka001.raw | ||
| SIG | |a UB: KB 12 A 217 | ||
